| 000 | 01346nam a22002417a 4500 | ||
|---|---|---|---|
| 999 |
_c22190 _d22190 |
||
| 003 | AR-CdUCM | ||
| 008 | 190425b ||||| |||| 00| 0 spa d | ||
| 040 |
_aMUNICIPALIDAD PROVINCIAL DEL CUSCO _cBIBLIOTECA MUNICIPAL DEL CUSCO |
||
| 082 | _aOropesa/N°93/2015 | ||
| 245 |
_aOropesa : _brevista de cultura y educación de opinión y crítica / _cAmérico Valer Vargas, Director |
||
| 260 |
_aCusco. _bLezama, _c2015. |
||
| 300 |
_a18 páginas. : _bilustraciones ; _c30 cm. |
||
| 440 |
_aOropesa. _nAño XXXV, N°XCIII, febrero 2015. _947614 |
||
| 505 | _aContenido: Educación tarea de todos. -- César Vallejo el único poeta peruano enterrado en el cementerio de Montparnasse Paris Francia. --Una visión del Perú. -- Cusco Católico aspectos de la cultura barroca popular cusqueña. -- Carnavales sin cortamonte. -- Del V centenario del nacimiento de Don Francisco de Toledo V Virrey del Perú. -- El mito sobre el cerro Raqchih Orq´o de Oropesa. -- Bofedal humedal altoandino de importancia para el desarrollo region Cusco. -- Qosqo esencia de la Ciencia Andina. | ||
| 650 |
_aPolítica cusqueña _947381 |
||
| 650 |
_aCultura andina _947570 |
||
| 650 |
_aSociedad cusqueña _947493 |
||
| 650 |
_aSiglo XX _947561 |
||
| 700 |
_aGil Mora, Eduardo _946972 |
||
| 700 |
_aValenzuela Lovón, Armando _91192 |
||
| 942 |
_2ddc _cPP |
||
| 945 | _arac | ||